Catalog

Record Details

Catalog Search



The midnight lock : Lincoln Rhyme Cover Image Book Book

The midnight lock : Lincoln Rhyme/ Jeffery Deaver.

Deaver, Jeffery,: (author.).

Summary:

When a woman arrives home to her Manhattan apartment to find that her personal items have been rearranged while she slept, police initially dismiss her complaint. Nothing was stolen, and there's no sign of breaking and entering. But when the same woman turns up dead, Lincoln Rhyme and Amelia Sachs are brought in to investigate the murder. The soon learn that the murderer calls himself "the Locksmith." He is obsessed with locks, slipping into homes in the dead of night and tying his victims up with knots or locks, ultimately strangling them. Their hunt for the killer is interrupted when an internal investigation in the police force uncovers what seems to be a crucial mistake in one of Rhyme's previous cases. He is removed from the case, and must investigate the Locksmith in secret to untangle the mysteries behind the psychotic killer before he can set his ultimate trap.

Record details

  • ISBN: 9780525536000
  • ISBN: 0525536000
  • Physical Description: 434 pages ; 24 cm.
  • Publisher: New York : G.P. Putnam's Sons, [2021]

Content descriptions

General Note:
Sequel to: The cutting edge.
Subject: Rhyme, Lincoln (Fictitious character) > Fiction.
Sachs, Amelia (Fictitious character) > Fiction.
Murder > Investigation > Fiction.
Forensic pathologists > Fiction.
Forensic scientists > Fiction.
Locksmiths > Fiction.
Burglars > Fiction.
Murderers > Fiction.
Quadriplegics > Fiction.
Police > New York (State) > New York > Fiction.
New York (N.Y.) > Fiction.
Genre: Detective and mystery fiction.
Thrillers (Fiction)
Novels.

Available copies

  • 1 of 1 copy available at scottsboropl.

Holds

  • 0 current holds with 1 total copy.
Show Only Available Copies
Location Call Number / Copy Notes Barcode Shelving Location Status Due Date
scottsboropl F Dea 32269001179996 Adult - Fiction Available -

LDR 03335cam a22007578i 4500
001157070
003SBPL
00520211207213524.0
008210729s2021 nyu 000 1 eng
010 . ‡a 2021036488
020 . ‡a9780525536000 ‡q(hardcover)
020 . ‡a0525536000 ‡q(hardcover)
035 . ‡a(OCoLC)1240306078 ‡z(OCoLC)1285130609
05000. ‡aPS3554.E1755 ‡bM53 2021
08200. ‡a813/.54 ‡223
1001 . ‡aDeaver, Jeffery,: ‡eauthor.
24514. ‡aThe midnight lock : ‡bLincoln Rhyme/ ‡cJeffery Deaver.
263 . ‡a2111
264 1. ‡aNew York : ‡bG.P. Putnam's Sons, ‡c[2021]
300 . ‡a434 pages ; ‡c24 cm.
336 . ‡atext ‡btxt ‡2rdacontent
337 . ‡aunmediated ‡bn ‡2rdamedia
338 . ‡avolume ‡bnc ‡2rdacarrier
4900 . ‡aA Lincoln Rhyme novel ; ‡vBk 15
500 . ‡aSequel to: The cutting edge.
520 . ‡aWhen a woman arrives home to her Manhattan apartment to find that her personal items have been rearranged while she slept, police initially dismiss her complaint. Nothing was stolen, and there's no sign of breaking and entering. But when the same woman turns up dead, Lincoln Rhyme and Amelia Sachs are brought in to investigate the murder. The soon learn that the murderer calls himself "the Locksmith." He is obsessed with locks, slipping into homes in the dead of night and tying his victims up with knots or locks, ultimately strangling them. Their hunt for the killer is interrupted when an internal investigation in the police force uncovers what seems to be a crucial mistake in one of Rhyme's previous cases. He is removed from the case, and must investigate the Locksmith in secret to untangle the mysteries behind the psychotic killer before he can set his ultimate trap.
60010. ‡aRhyme, Lincoln ‡c(Fictitious character) ‡vFiction.
60010. ‡aSachs, Amelia ‡c(Fictitious character) ‡vFiction.
650 0. ‡aMurder ‡xInvestigation ‡vFiction.
650 0. ‡aForensic pathologists ‡vFiction.
650 0. ‡aForensic scientists ‡vFiction.
650 0. ‡aLocksmiths ‡vFiction.
650 0. ‡aBurglars ‡vFiction.
650 0. ‡aMurderers ‡vFiction.
650 0. ‡aQuadriplegics ‡vFiction.
650 0. ‡aPolice ‡zNew York (State) ‡zNew York ‡vFiction.
651 0. ‡aNew York (N.Y.) ‡vFiction.
655 7. ‡aDetective and mystery fiction. ‡2lcgft
655 7. ‡aThrillers (Fiction) ‡2lcgft
655 7. ‡aNovels. ‡2lcgft
8001 . ‡aDeaver, Jeffery. ‡tLincoln Rhyme novel. ; ‡vBk 15
901 . ‡a157070 ‡b ‡c157070 ‡tbiblio

Additional Resources